00295nam a2200097Ia 4500008004000000082001300040100001800053245006800071260003800139650002000177210210b1985 xxu||||| |||| 00| 0 eng d a344 MATL aMATHEW (P D). aLegal education series: law on the abolition of untouchability. aNDbIndian social institutec1985 aLegal education